000 00472nam a22001577a 4500
003 OSt
005 20240415101131.0
008 240415b |||||||| |||| 00| 0 eng d
040 _cMRSPTU
100 _aRobert G Igarsoal (ਰਾਬਰਟ ਜੀ ਇੰਗਰਸੋਲ)
245 _aIgarsoal De Anmol Bachan (ਇੰਗਰਸੋਲ ਦੇ ਅਨਮੋਲ ਬਚਨ)
250 _a1st
260 _aPunjab
_bTarkbharti Parkashan
_c2005
300 _a88
942 _2ddc
_cBK
_n0
999 _c10027
_d10027